Asamiya loka sanskritir abhas (Record no. 2350)
[ view plain ]
| 000 -LEADER | |
|---|---|
| fixed length control field | 00534cam a2200205ua 4500 |
| 008 - FIXED-LENGTH DATA ELEMENTS--GENERAL INFORMATION | |
| fixed length control field | 150730n ii |||gr||||Z||||||asm |
| 020 ## - INTERNATIONAL STANDARD BOOK NUMBER | |
| International Standard Book Number | 81-7643-045-5 |
| 040 ## - CATALOGING SOURCE | |
| Transcribing agency | MAIN |
| 041 ## - LANGUAGE CODE | |
| -- | asm |
| 082 ## - DEWEY DECIMAL CLASSIFICATION NUMBER | |
| Classification number | 398.09145 |
| 100 ## - MAIN ENTRY--PERSONAL NAME | |
| Personal name | Sharma, Nabin Chandra, |
| Relator term | |
| 245 ## - TITLE STATEMENT | |
| Title | Asamiya loka sanskritir abhas |
| Statement of responsibility, etc. | by Nabin Chandra Sharma |
| 250 ## - EDITION STATEMENT | |
| Edition statement | 4th. |
| 260 ## - PUBLICATION, DISTRIBUTION, ETC. | |
| Place of publication, distribution, etc. | Guahati: |
| Name of publisher, distributor, etc. | Bani prakash pvt. ltd., |
| Date of publication, distribution, etc. | 2007. |
| 300 ## - PHYSICAL DESCRIPTION | |
| Extent | 429p: |
| Dimensions | 23cm. |
| 942 ## - ADDED ENTRY ELEMENTS (KOHA) | |
| Koha item type | Books |
| 653 ## - INDEX TERM--UNCONTROLLED | |
| Uncontrolled term | Folklore |
| 653 ## - INDEX TERM--UNCONTROLLED | |
| Uncontrolled term | Asamiya loka sanskritir abhas |
| Withdrawn status | Lost status | Damaged status | Not for loan | Home library | Current library | Shelving location | Date acquired | Total Checkouts | Full call number | Barcode | Date last seen | Date last checked out | Copy number | Price effective from | Koha item type |
|---|---|---|---|---|---|---|---|---|---|---|---|---|---|---|---|
| Central Library, Naharkatiya College | Central Library, Naharkatiya College | 19/09/2020 | 14 | 398.09145 | SHA | 17166 | 20/11/2024 | 11/11/2024 | 2 | 19/09/2020 | Books | |||||
| Central Library, Naharkatiya College | Central Library, Naharkatiya College | 19/09/2020 | 13 | 398.09145 | SHA | 18012 | 30/09/2024 | 06/09/2024 | 1 | 19/09/2020 | Books |
